000 00203nam a22000977a 4500
003 SGT
245 _a JOURNAL OF PATHOLOGY
260 _bLONDON WILEY INTER SCIENCE
_c2008
300 _a456
942 _2ddc
_cBV
999 _c19217
_d19217